Pokémon - Which doesn't belong? - Statistics

General Stats
  • This quiz has been taken 135 times
  • The average score is 9 of 15
Answer Stats
Question Answer % Correct
Which doesn't belong? Kecleon
97%
Which doesn't belong? Breloom
81%
Which doesn't belong? Hoppip
75%
Which doesn't belong? Kadabra
69%
Which doesn't belong? Silvally
69%
Which doesn't belong? Sneasel
69%
Which doesn't belong? Crustle
67%
Which doesn't belong? Genesect
58%
Which doesn't belong? Pupitar
56%
Which doesn't belong? Clauncher
44%
Which doesn't belong? Herdier
44%
Which doesn't belong? Skrelp
42%
Which doesn't belong? Haxorus
33%
Which doesn't belong? Dragonite
31%
Which doesn't belong? Hariyama
22%
No matching quizzes found
Score Distribution
Percent of People with Each Score
Percentile by Number Answered
Your Score History
You have not taken this quiz